Niziny w Polsce - nagła śmierć - Statystyki

Ogólne statystyki
  • Ten quiz został rozwiązany 129 razy
  • Średni wynik to 4 z 7
Answers on the Grid
Answers color-coded by a green-red scale on the quiz's grid according to % correct below.
Nizina Południowowielkopolska
Nizina Śląska
Nizina Mazowiecka
Nizina Podlaska
Polesie Lubelskie
Nizina Krakowsko-Częstochowska
Roztocze
Nizina Kubańska
Nizina Górnotracka
Nizina Wołoska
Nizina Szczecińska
Nizina Nadwiślańska
Nizina Padańska
Nizina Mezopotamska
Nizina Turańska
 
Statystyki odpowiedzi
Odpowiedź % Poprawnych
Nizina Mazowiecka
68%
Nizina Podlaska
63%
Polesie Lubelskie
62%
Nizina Śląska
60%
Nizina Szczecińska
60%
Nizina Nadwiślańska
57%
Nizina Południowowielkopolska
50%
Nie znaleziono quizów pasujących do podanych kryteriów
Rozkład punktacji
Procent ludzi z każdym wynikiem
Percentyl według liczby udzielonych odpowiedzi
Twoja historia wyników
Nie rozwiązałeś tego quizu